000
00207nam a2200097Ia 4500
008
190216s9999||||xx |||||||||||||| ||und||
100
_a
Null
245
0
_a
Hindi-Adya Vinjan
260
_b
Rama Pub
942
_c
BK
999
_c
17024
_d
17024